00552nam a2200181 a 45000010005000000030005000050050017000100080041000270200015000680400020000831000020001032450140001232600030002633000011002936500015003046500029003196100022003482323CDMR20131014164202.0130130s2000||||||||||||||||||||||||||||d a8489779228 aCDMRbcatcCDMR1 aCabo, Isabel de13aLa resistencia cultural bajo el franquismob: en torno a la revista "Destino" (1957-1961)cIsabel de Cabo ; prólogo de Jordi Casassas aBarcelonac2000bÁltera a236 p.04aFranquisme04aRevisteszEspanyayS. XX2 aDestino (Revista)